000 00628nam a22001937a 4500
999 _c190293
_d190293
005 20220721151650.0
010 _aENG-133791
020 _a9788194887676
_c475.00
035 _aEN-117323
037 _bDBAD/PUB
082 _a658.4083094
100 _aSubbarao, P. Srinivas
245 _aCorporate Environmental Responsibility in Ports/
_cP. Srinivas Subbarao
260 _aHyderabad
_bParamount Publishing House
_c2021
270 _aA-531, H.No.4-32-521, Phase-1, Allwyn Colony, Kukatpally
_bHyderabad
_e500072
300 _a211p.
_c26cm(pbk)
700 _aK.P. Rao
942 _2ddc
_cEN
_h658.4083094
_mSUB